Regulačná politika vo vybranom odvetví hospodárstva Slovenskej republiky bakalárska práca

Gespeichert in:
Bibliographische Detailangaben
1. Verfasser: Pekelská, Viktória
Körperschaften: Národohospodárska fakulta EU. Katedra ekonómie, Univerzita Komenského v Bratislave. Právnická fakulta
Weitere Verfasser: Novák, Marcel, 1979-
Format: Buch
Sprache:Slowakisch
Veröffentlicht: Bratislava 2023
Tags: Tag hinzufügen
Keine Tags, Fügen Sie das erste Tag hinzu!

MARC

LEADER 00000nbm a2200000 4500
001 0294540
005 20231204102601.6
041 0 |a slo 
044 |a SK 
245 1 0 |a Regulačná politika vo vybranom odvetví hospodárstva Slovenskej republiky  |b bakalárska práca  |c Viktória Pekelská ; školiteľ: Marcel Novák 
264 1 |a Bratislava  |c 2023 
300 |a 51 s. 
100 1 |a Pekelská, Viktória 
700 1 |a Novák, Marcel, 1979- 
710 2 |a Národohospodárska fakulta EU. Katedra ekonómie 
710 2 |a Univerzita Komenského v Bratislave. Právnická fakulta